ՀՀ Գիտությունների ազգային ակադեմիայի հիմնարար գիտական գրադարան  =   Fundamental Scientific Library of NAS RA

Առաջին ծիլեր : (Record no. 111918)

MARC details
000 -LEADER
fixed length control field 01343nam a2200277 a 4500
001 - CONTROL NUMBER
control field 000303728
003 - CONTROL NUMBER IDENTIFIER
control field AM-YeHGA
005 - DATE AND TIME OF LATEST TRANSACTION
control field 20250618071943.0
008 - FIXED-LENGTH DATA ELEMENTS--GENERAL INFORMATION
fixed length control field 040127s2000 ai ||||gr||||||||||darm|d
020 ## - INTERNATIONAL STANDARD BOOK NUMBER
International Standard Book Number 9789939750156
020 ## - INTERNATIONAL STANDARD BOOK NUMBER
International Standard Book Number 978-9939-75-015-6 (Գ. 4)
040 ## - CATALOGING SOURCE
Original cataloging agency AM-YeHGA
041 0# - LANGUAGE CODE
Language code of text/sound track or separate title arm
090 ## - LOCALLY ASSIGNED LC-TYPE CALL NUMBER (OCLC); LOCAL CALL NUMBER (RLIN)
-- 113255
245 00 - TITLE STATEMENT
Title Առաջին ծիլեր :
Remainder of title [Բանաստեղծություններ, պատմվածքներ] /
Statement of responsibility, etc. Կազմ.՝ Հ.Վ. Կարապետյան, Լ.Տ. Սարգսյան ; Երևանի քաղաքապետարան, Ավ. Իսահակյանի անվան կենտ. գրադ.
260 ## - PUBLICATION, DISTRIBUTION, ETC.
Place of publication, distribution, etc. Երևան :
Name of publisher, distributor, etc. Ա. հ.,
Date of publication, distribution, etc. 2000-
300 ## - PHYSICAL DESCRIPTION
Extent գիրք ;
Dimensions 20 սմ.
500 ## - GENERAL NOTE
General note Գիրքը նվ. է Ավ. Իսահակյանի ծննդյան 125 և գրադարանը նրա անունով կոչելու 45 ամյակներին
505 00 - FORMATTED CONTENTS NOTE
Miscellaneous information Գ. 1 (2000; 69 էջ) ;
-- Գ. 2 (2005; 44 էջ) ;
-- Գ. 3 (2010; 63 էջ) ;
-- Գ. 4 (2015; 84 էջ)
650 14 - SUBJECT ADDED ENTRY--TOPICAL TERM
Topical term or geographic name entry element Հայ գրականություն
700 1# - ADDED ENTRY--PERSONAL NAME
Personal name Կարապետյան, Հ.Վ.
Relator term կազմ.
Relationship com
700 1# - ADDED ENTRY--PERSONAL NAME
Personal name Սարգսյան, Լիպարիտ Տիգրանի,
Dates associated with a name 1938-2023
Relator term կազմ.
Relationship com
9 (RLIN) 1060
710 2# - ADDED ENTRY--CORPORATE NAME
Corporate name or jurisdiction name as entry element Ավ. Իսահակյանի անվան կենտրոնական գրադարան
710 2# - ADDED ENTRY--CORPORATE NAME
Corporate name or jurisdiction name as entry element Երևանի քաղաքապետարան
942 ## - ADDED ENTRY ELEMENTS (KOHA)
Source of classification or shelving scheme Universal Decimal Classification
Koha item type Գրքեր / Books
Holdings
Withdrawn status Lost status Damaged status Not for loan Collection Home library Current library Date acquired Serial enumeration / chronology Total checkouts Full call number Barcode Date last seen Copy number Cost, replacement price Price effective from Koha item type Public note
        General Fundamental Scientific Library Fundamental Scientific Library 22/12/2016 Գ. 4   AII/101101 FL0379265 22/12/2016 891.981 1000.00 22/12/2016 Գրքեր / Books 30 Days Loan


ՀՀ ԳԱԱ հիմնարար գիտական գրադարան
ՀՀ,Երևան 0019
Մարշալ Բաղրամյան 24/6
հեռախոս:(374-10) 52-47-50
Հետադարձ կապ

All site content, except where otherwise noted, is licensed under a
Creative Commons License